Central Library OPAC University of Rajshahi

General experimental psychology : (Record no. 30354)

MARC details
000 -LEADER
fixed length control field 00799cam a22002531 4500
001 - CONTROL NUMBER
control field 30354
003 - CONTROL NUMBER IDENTIFIER
rucl marc code BD-RjUL
005 - DATE AND TIME OF LATEST TRANSACTION
control field 20211209051542.0
008 - FIXED-LENGTH DATA ELEMENTS--GENERAL INFORMATION
fixed length control field 140409r19681960xx 001 0 eng
035 ## - SYSTEM CONTROL NUMBER
System control number (BD-RjUL)30439
System control number (OCoLC)191977
040 ## - CATALOGING SOURCE
Original cataloging agency DLC
Transcribing agency ODaWU
Modifying agency DLC
-- BD-RjUL
Language of cataloging eng
041 ## - LANGUAGE CODE
Language code of text/sound track or separate title eng
082 ## - DEWEY DECIMAL CLASSIFICATION NUMBER
Classification number 150.72
Author mark and year BAG 1968
100 1# - MAIN ENTRY--PERSONAL NAME
Personal name Baker, Lawrence Manning,
Dates associated with a name 1907-
9 (RLIN) 90428
245 10 - TITLE STATEMENT
Title General experimental psychology :
Remainder of title an introduction to principles and Techniques /
Statement of responsibility, etc. Lawrence Manning Baker
260 ## - PUBLICATION, DISTRIBUTION, ETC. (IMPRINT)
Place of publication, distribution, etc. New York :
Name of publisher, distributor, etc. Oxford University Press,
Date of publication, distribution, etc. 1960 [reprinted 1968]
300 ## - PHYSICAL DESCRIPTION
Pagination 420 p. :
Illustrations ill. ;
Size 24 cm.
504 ## - BIBLIOGRAPHY, ETC. NOTE
Bibliography, etc Includes bibliography and index.
650 #0 - SUBJECT ADDED ENTRY--TOPICAL TERM
Topical term or geographic name as entry element Psychophysiology.
9 (RLIN) 92269
942 ## - ADDED ENTRY ELEMENTS (KOHA)
Source of classification or shelving scheme Dewey Decimal Classification
Koha item type Books
Holdings
Lost status Source of classification or shelving scheme Damaged status Not for loan Collection code Permanent Location Current Location Shelving location Date acquired Source of acquisition Cost, normal purchase price Total Checkouts Full call number Date last seen Copy number Koha item type
  Dewey Decimal Classification     Non-fiction Central Library, University of Rajshahi Central Library, University of Rajshahi   25/07/1977 Asia Foundation 0.00   150.72 BAG 1968 09/04/2014 C-3 Books